แสดงรายละเอียดบรรณานุกรม
  กลับหน้าหลัก

Brief Record : Get Marc (ISO 2709) : E-mail record : QR code ปิดหน้าต่าง
E-books : เกี่ยวกับ Collections
LEADER 00000nam 2200000uu 4500
001    209110
003     ULIBM
008    131002s2554||||th 000 0 tha d
020    ^a9789741114832
041 0  ^atha
050  4 ^aHQ1064.T5 ป233 2554.
245 00 ^aประชากรและสังคม 2554 : จุดเปลี่ยนประชากรจุดเปลี่ยนสังคมไทย = Thailand population in transition : a turning point for thai society./^bบรรณาธิการ,สุรีย์พร พันพึ่ง,มาลี สันภูวรรณ์.
246 0  ^aThailand population in transition : a turning point for thai society
250    ^aพิมพ์ครั้งที่ 1
260    ^aนครปฐม : ^bสถาบันวิจัยประชากรและสังคม มหาวิทยาลัยมหิดล,^c2554.
300    ^a333 หน้า ; ^bภาพประกอบ.
490 0  ^aเอกสารทางวิชาการ/สถาบันวิจัยประชากรและสังคม มหาวิทยาลัยมหิดล ^vหมายเลข 382
650  4 ^aการเปลี่ยนแปลงประชากร ^zไทย
650  4 ^aครอบครัว,การพัฒนา
650  4 ^aประชากร ^xเอเชีย ^xการย้ายถิ่น
650  4 ^aการวางแผนครอบครัว ^zไทย
650  4 ^aอนามัยเจริญพันธุ์ ^zไทย
650  4 ^aประชากรพลวัต
700 0  ^aสุรีย์ พันพึ่ง,บรรณาธิการ.
700 0  ^aมาลี สันภูวรรณ์,บรรณาธิการ.
710 2  ^aมหาวิทยาลัยมหิดล. สถาบันวิจัยประชากรและสังคม.
999    ^aใช้งานได้ทุกระบบ
รายการนี้ยังไม่มีแท็ก
คุณยังไม่ได้ล็อกอิน คุณสามารถมีกิจกรรมร่วมกับเว็บไซต์ได้ แต่ต้องล็อกอินก่อน ::
  ล็อกอิน
ลำดับที่ ประเภท เลขเรียก สถานที่ สถานะ
1. หนังสือทั่วไป
หนังสือทั่วไป
สถานะ=หนังสือเก่า - บริการ ณ ห้องสมุด (ห้องเหลือง)
HQ1064.T5 ป233 2554  
  
ห้องสมุด หอพักนักศึกษา (ห้องเหลือง) On Shelf
  ขอยืม
   [แสดง 1/1 รายการ]

BibComment


ยังไม่เคยถูกคอมเมนท์

คอมเมนท์ทรัพยากรรายการนี้
  คอมเมนท์: ประชากรและสังคม ..
Bib 209110

 
 
 

 Union Library Management : ULibM
Copyright 2026. All Rights Reserved.
скачать бесплатно без регистрации порно красивый секс HD Sex Hindi sex

xxx gou

xxxx

bfxxx

xxxwww

Секса Видео

xxxx

Секса Видео

detube

geilexxx

C99 Shell

worms shell

blod xxx video
Ebony Coed Rihanna Rimes Takes A Dick In Her Young Twat priyaa indian fuck anal and pusssy hardcore indian women xxx desi hardcore fucking part 1 bengalixxxcouple